| 000 | 00517nam a2200169 a 4500 | ||
|---|---|---|---|
| 005 | 20210223131601.0 | ||
| 008 | 110905s1995 mx r 000 0 spa d | ||
| 035 | _aUPN01000181673 | ||
| 049 | _aCG | ||
| 050 | 4 |
_aHV4051 A5 _bL4.6 |
|
| 100 | 1 |
_aLeñero Otero, Luis, _d1934- _928983 |
|
| 245 | 1 | 4 |
_aLos pobres en México : _bsu promoción / _cLuis Leñero Otero. |
| 260 |
_aMéxico : _bInstituto Mexicano de Doctrina Social Cristiana, _c1995. |
||
| 300 | _a298 p. | ||
| 650 | 4 |
_aPOBRES - _zMEXICO _91194 |
|
| 905 | _aLibro | ||
| 999 |
_c153776 _d153776 |
||